006810000a220013300045001000025000002450091000253000051001165000016001675200204001837730045003879420008004329520090004409990017005301 aOsorio, Juan Esteban10aTodos los honores : Bogotá, capital Mundial del Libro e Iberoamericana de la Cultura aVol.0, núm.14 (Noviembre, 2006), Página 30 aPeriodista. aLa pregunta ronda en el aire desde que se conoció la noticia del nombramiento de Bogotá como Capital Mundial del Libro eIberoamericana de la Cultura. ¿Para qué sirven estos dos nombramientos?0 tArcadia / Andrés Felipe Solano, Editor cANA 001040708HEMaFUSBCbFUSBCd2016-01-26l0o r2016-01-26 00:00:00w2016-01-26yANA c61859d61859